000 00270nam a22001217a 4500
008 180802b xxu||||| |||| 00| 0 eng d
082 _a813.52
245 _aNutrition & yuo
_cCummings.P.B
260 _c2008
300 _a4
440 _x9780321490056
942 _2ddc
_cMX
999 _c46726
_d46726